| 000 | 00773nam0 2200217 4500 | ||
|---|---|---|---|
| 001 | 32496 | ||
| 005 | 20251128145434.0 | ||
| 010 | _a 9789353092061 | ||
| 090 | _a32496 | ||
| 100 | _a20251128d2023 b||y0itay50 ba | ||
| 101 | _ahin | ||
| 102 | _aIN | ||
| 200 | 1 |
_aकुम्हार की सूअरी _fरोहित कुलकर्णी _g चित्रांकन, प्रिया कुरियन ; हिंदी अनुवाद, आरती स्मित |
|
| 210 |
_a Bengaluru _cPrathama Books _d2023 |
||
| 215 |
_a16 p. _cill. _d22 x 27 cm |
||
| 300 | _aFascia d'età: 0-5 anni | ||
| 500 |
_aThe pottering pig _926224 |
||
| 517 | _aKumhāra kī sūarī | ||
| 610 | _aLetteratura per l'infanzia | ||
| 700 |
_aKulkarni _bRohit _926225 |
||
| 942 | _cBK | ||